000 00605nam a2200157 i 4500
001 44279
003 ES-MaACL
005 20230906161007.0
007 t|
008 181003s1873 ne |||| | fre d
245 0 0 _aRapport sur les résultats du système cellulaire dans les Pays-Bas.
260 _a[S.l. :
_bs.n.,
_c1873?]
300 _a24 p. ;
_c23 cm.
650 4 _aEstablecimientos penitenciarios-
_zPaíses Bajos.
_9165560
852 _aES-MaACL
_jD-134(14)
_z.- Donativo Lastres
_z- Enc. en un vol. facticio, formando parte de la col. facticia "Estudios penitenciarios", folletos, 1
_q- Ejemp. sin port.
999 _c44279
_d44279